000 00348nam a22001457a 4500
999 _c7705
_d7705
003 GBCCL
005 20241126110634.0
008 180912b ||||| |||| 00| 0 eng d
040 _cgbc
082 _aSOU HOP
_b2008
245 _aHope lame:
_bTBCD EBCC Delhi magazine 2008
260 _c2008
_aDelhi:
_bEBCC
300 _a86p. ;
942 _2ddc
_cARCH